| 000 -LEADER |
| fixed length control field |
01718nam a2200409 i 4500 |
| 001 - CONTROL NUMBER |
| control field |
ocm014620354 |
| 003 - CONTROL NUMBER IDENTIFIER |
| control field |
Uk |
| 005 - DATE AND TIME OF LATEST TRANSACTION |
| control field |
20250918102447.0 |
| 008 - FIXED-LENGTH DATA ELEMENTS--GENERAL INFORMATION |
| fixed length control field |
180712s2008 enka e 000 j eng d |
| 020 ## - INTERNATIONAL STANDARD BOOK NUMBER |
| International Standard Book Number |
9780194790710 |
| 040 ## - CATALOGING SOURCE |
| Original cataloging agency |
Uk |
| Language of cataloging |
eng |
| Transcribing agency |
Uk |
| Description conventions |
rda |
| Modifying agency |
CaOL |
| -- |
KH8 |
| 082 ## - DEWEY DECIMAL CLASSIFICATION NUMBER |
| Classification number |
428.6 DOY |
| 100 1# - MAIN ENTRY--PERSONAL NAME |
| Personal name |
West, Clare, |
| Relator term |
author. |
| 245 10 - TITLE STATEMENT |
| Title |
Sherlock Holmes short stories / |
| Statement of responsibility, etc. |
Sir Arthur Conan Doyle ; retold by Clare West ; [illustrated by Alan Marks] |
| 250 ## - EDITION STATEMENT |
| Edition statement |
Simplified edition. |
| 264 #1 - PRODUCTION, PUBLICATION, DISTRIBUTION, MANUFACTURE, AND COPYRIGHT NOTICE |
| Place of production, publication, distribution, manufacture |
Oxford, [England] : |
| Name of producer, publisher, distributor, manufacturer |
Oxford University Press, |
| Date of production, publication, distribution, manufacture, or copyright notice |
[2008] |
| 264 #4 - PRODUCTION, PUBLICATION, DISTRIBUTION, MANUFACTURE, AND COPYRIGHT NOTICE |
| Date of production, publication, distribution, manufacture, or copyright notice |
©2008. |
| 300 ## - PHYSICAL DESCRIPTION |
| Extent |
56 pages : |
| Other physical details |
illustrations ; |
| Dimensions |
20 cm. |
| 336 ## - CONTENT TYPE |
| Content type term |
text |
| Source |
rdacontent. |
| 337 ## - MEDIA TYPE |
| Media type term |
unmediated |
| Source |
rdamedia. |
| 338 ## - CARRIER TYPE |
| Carrier type term |
volume |
| Source |
rdacarrier. |
| 490 1# - SERIES STATEMENT |
| Series statement |
Oxford bookworms Library. Crime & mystery. Stage 2. |
| 500 ## - GENERAL NOTE |
| General note |
"First published in Oxford Bookworms 1989"--Back of title page. |
| 500 ## - GENERAL NOTE |
| General note |
Included in the reader: story and activities. |
| 500 ## - GENERAL NOTE |
| General note |
Included in the reader: story and activities. |
| 505 0# - FORMATTED CONTENTS NOTE |
| Formatted contents note |
The speckled band -- A scandal in Bohemia -- The five orange pips. |
| 650 #0 - SUBJECT ADDED ENTRY--TOPICAL TERM |
| Topical term or geographic name entry element |
Reading comprehension |
| Form subdivision |
Problems, exercises, etc. |
| 650 #0 - SUBJECT ADDED ENTRY--TOPICAL TERM |
| Topical term or geographic name entry element |
High interest-low vocabulary books. |
| Source of heading or term |
genre. |
| 650 #0 - SUBJECT ADDED ENTRY--TOPICAL TERM |
| Topical term or geographic name entry element |
Readers (Adult) |
| Source of heading or term |
genre. |
| 650 #0 - SUBJECT ADDED ENTRY--TOPICAL TERM |
| Topical term or geographic name entry element |
Readers for new literates. |
| Source of heading or term |
genre. |
| 700 1# - ADDED ENTRY--PERSONAL NAME |
| Relationship information |
Based on (work): |
| Personal name |
Doyle, Arthur Conan, |
| Dates associated with a name |
1859-1930. |
| Title of a work |
Adventure of the speckled band. |
| 700 1# - ADDED ENTRY--PERSONAL NAME |
| Relationship information |
Based on (work): |
| Personal name |
Doyle, Arthur Conan, |
| Dates associated with a name |
1859-1930. |
| Title of a work |
Scandal in Bohemia. |
| 700 1# - ADDED ENTRY--PERSONAL NAME |
| Relationship information |
Based on (work): |
| Personal name |
Doyle, Arthur Conan, |
| Dates associated with a name |
1859-1930. |
| Title of a work |
Five orange pips. |
| 700 1# - ADDED ENTRY--PERSONAL NAME |
| Personal name |
Marks, Alan, |
| Dates associated with a name |
1957- |
| Relator term |
illustrator. |
| 830 #0 - SERIES ADDED ENTRY--UNIFORM TITLE |
| Uniform title |
Oxford bookworms library. |
| Name of part/section of a work |
Crime & mystery. |
| -- |
Stage 2. |
| 942 ## - ADDED ENTRY ELEMENTS (KOHA) |
| Source of classification or shelving scheme |
|
| Koha item type |
Teaching Resources |